000 01099nam a2200241 i 4500
001 27109
003 ES-MaACL
005 20230906153548.0
007 t|
008 030113s1885 sp ||||1| spa d
100 0 _aMonardes, Nicolás.
_982104
245 1 0 _aSevillana medicina
_b: que trata el modo conservativo y curativo de los que habitan ... en Sevilla, la cual sirve y aprovecha para cualquier otro lugar de estos Reinos ... /
_c[Juan de Aviñón] ; publicada en el año 1545 por el licenciado Nicolás Monardes.
260 _aSevilla :
_bSociedad de Bibliófilos Andaluces,
_c1885] (
_fImp. Rasco)
300 _aXII, 346 p. ;
_c22 cm.
490 1 _aSociedad de Bibliófilos Andaluces. Primera serie ;
_v16
500 _aAutor tomado de la cubierta.
530 _aDisponible en formanto digital.
650 4 _aGeografía médica-
_zSevilla.
_9157317
830 0 _aSociedad de Bibliófilos Andaluces. Primera serie ;
_v16
_9182018
852 _aES-MaACL
_jB-5546
856 _uhttp://bdh-rd.bne.es/viewer.vm?id=0000116142&page=1
_zBiblioteca Digital Hispánica
999 _c27109
_d27109